Séries TV en tout genre - Statistiques

Statistiques générales
  • Ce quiz a été pris 270 fois
  • Le résultat moyen est 5 sur 15
Statistiques - réponses
Plateforme Indice Série % Correct
Netflix Hawkins Stranger Things
70%
Netflix Une jeune fille toute en noire entre dans une académie pour les gens... spéciaux Mercredi
63%
Disney (et M6) Série de vampire des années 90 - 2000 Buffy contre les vampires
55%
Prime Video 3 saisons, triangle amoureux entre une jeune fille et les fils de la meilleur ami de sa mère L'été où je suis devenue jolie
53%
HBO Max, Prime Video Neuf familles se disputent un royaume et une guerre se prépare contre des créatures magiques Game of Thrones
49%
Netflix Une mère et sa fille déménage encore une fois et feront face à de nombreux problèmes Ginny et Georgia
35%
Prime Video Série 2026 racontant la jeunesse de Sherlock Holmes Young Sherlock
29%
Prime Video Horreur dans un monde dystopique où les femmes sont ranngés en trois catégories La servante écarlate
27%
Prime Video Préquel au Seigneur des Anneaux Les Anneaux de Pouvoir
21%
Netflix Une femme voyage dans le temps et se retrouve tiraillée entre deux époques et deux hommes Outlander
20%
Netflix Une orpheline rousse au tempérament de feu - adapté des romans de Lucy Maud Montgomery Anne avec un "E"
19%
Prime Video (et M6) Adaptation des mythes de Camelot, 2008 Merlin
18%
Prime Video Série thriller 2026 avec Dove Cameron 56 jours
11%
Prime Video Après le naufrage du Titanic, une famille se retrouve avec un nouvel héritier Downton Abbey
5%
HBO Max Adaptation des livres de Philip Pullman : À la croisée des mondes His Dark Materials
4%
Aucun quiz correspondant
Distribution des résultats
% des personnes avec chaque résultat
Percentile par nombre de réponses
Votre historique - résultats
Vous n’avez pas pris ce quiz